00489nam a2200145Ia 4500008004000000082001800040100002300058245002700081260004300108300000800151690001400159906001100173999001700184952014200201210210b1971 xxu||||| |||| 00| 0 eng d a324.2092 REGG aREGO (Aloysius G). aGandhi points the way. aAllahabadbBetter yourself booksc1971 a112 aBiography a029156 c80380d80380 001040708Political ScienceaALbALcPolitical Scienced2021-02-17g1.50l0o324.2092 REGGp029156r2021-02-17 00:00:00w2021-02-17yBK